000 00230 a2200097 4500
001 14324
100 _aWhikbread, N
245 _aThe evolution of the nursery infant school
260 _aLondon
_bRowledge
_c
090 _c11233
_d11233
942 _aNUST-CAE
_cM
_c1374
999 _c249397
_d249397